000 01839nab a2200205 i 4500
001 768714001
003 CO-MdFUSB
005 20240510120614.0
008 240509t1970 sp ||||| |||| 00| 0 spa d
040 _bspa
_cCO-MdFUSB
_dCO-MdFUSB
041 _aspa
100 _aDietzfelbinger, Wolfgang,
_eautor
245 _aMovimientos restauradores en la iglesia protestante de Alemania
_c/ Wolfgang Dietzfelbinger
520 _aEn el seno de la Iglesia evangélica hay mucha fermentación, confusión, falta de reflexión, irresponsabilidad e incluso calumnia. Pero ¿no hay otra alternativa que condenar por las buenas o colaborar sin espíritu crítico? ¿No es posible un examen reposado que siga atentamente el desarrollo, bien animando y participando, o bien frenando con cuidado u oponiendo una negativa? Se puede censurar tal comportamiento como táctica de la indecisión, pero también se puede reconocer en él la confianza en el Espíritu Santo, el cual hace que lo malo se extinga a tiempo, que los extremismos terminen sin resultado, que lo inmaduro se desarrolle y que de los males del presente nazca nueva vida para el futuro. Con estas breves consideraciones quedan indicadas las perspectivas generales de los grupos confesantes. No están libres del peligro de aislarse a sí mismos y quedarse parados a la orilla derecha del camino de la Iglesia. Pero también tienen la posibilidad de alcanzar la flexibilidad suficiente para dialogar dentro de la Iglesia protestante y poder así contribuir a su bendición.
650 7 _aTeología dogmática
_96937
650 7 _aIglesia
_9655
773 0 _049450
_982614
_oR2541
_tRevista internacional de teología Concilium
_w(CO-MdFUSB)8
_x0210-1041
_gNúmero 51, (enero, 1970), páginas: 112 - 119
_qpágina: 112
942 _cANA
945 _aCatherine Arias Alvarez - Practicante SENA
999 _c69661
_d69661